<?xml version="1.0" encoding="UTF-8"?>
<record
    xmlns:xsi="http://www.w3.org/2001/XMLSchema-instance"
    xsi:schemaLocation="http://www.loc.gov/MARC21/slim http://www.loc.gov/standards/marcxml/schema/MARC21slim.xsd"
    xmlns="http://www.loc.gov/MARC21/slim">

  <leader>01984cam a22002774a 4500</leader>
  <controlfield tag="008">                                        </controlfield>
  <datafield tag="020" ind1=" " ind2=" ">
    <subfield code="a">9780230280434 (pbk.)</subfield>
  </datafield>
  <datafield tag="020" ind1=" " ind2=" ">
    <subfield code="a">0230280439 (pbk.)</subfield>
  </datafield>
  <datafield tag="049" ind1="0" ind2=" ">
    <subfield code="a">MAIN</subfield>
  </datafield>
  <datafield tag="090" ind1="0" ind2="0">
    <subfield code="a">HD30.2</subfield>
    <subfield code="b">MEL</subfield>
  </datafield>
  <datafield tag="100" ind1="1" ind2=" ">
    <subfield code="a">Mellor, Robert B.</subfield>
  </datafield>
  <datafield tag="245" ind1="1" ind2="0">
    <subfield code="a">Knowledge management and information systems :</subfield>
    <subfield code="b">strategies for growing organizations /</subfield>
    <subfield code="c">Robert Mellor.</subfield>
  </datafield>
  <datafield tag="260" ind1=" " ind2=" ">
    <subfield code="a">Basingstoke ;</subfield>
    <subfield code="a">New York :</subfield>
    <subfield code="b">Palgrave Macmillan,</subfield>
    <subfield code="c">2011.</subfield>
  </datafield>
  <datafield tag="300" ind1=" " ind2=" ">
    <subfield code="a">xx, 170 p. :</subfield>
    <subfield code="b">ill. ;</subfield>
    <subfield code="c">24 cm.</subfield>
  </datafield>
  <datafield tag="504" ind1=" " ind2=" ">
    <subfield code="a">Includes bibliographical references.</subfield>
  </datafield>
  <datafield tag="500" ind1=" " ind2=" ">
    <subfield code="a">Includes index.</subfield>
  </datafield>
  <datafield tag="520" ind1=" " ind2=" ">
    <subfield code="a">"Knowledge Management and Information Systems Strategy for Growing Organizations examines the role that information systems play in helping SMEs use knowledge to achieve strategic organizational goals. Adopting a business perspective, it is ideal for students studying strategic information systems and knowledge management"--</subfield>
    <subfield code="c">Provided by publisher.</subfield>
  </datafield>
  <datafield tag="505" ind1="8" ind2=" ">
    <subfield code="a">Machine generated contents note: -- Introduction -- PART I: BACKGROUND -- Introduction to Knowledge Management -- Knowledge Management and Innovation -- Knowlege Management, Entrepreneurship and the Value Chain -- Information Systems and SMEs -- PART II: MODELLING THE THEORY -- Knowledge Valley Theory -- Managing Formal Knowledge -- PART III: APPLYING THEORETICAL PRINCIPLES -- Using Knowledge Valley Theory to Increase Organisational Innovation -- Factors that Stop Innovation -- Leadership and Innovation -- Knowledge and Learning -- PART IV: BUILDING APPLIED INFORMATION SYSTEMS -- Recombining Knowledge and Learning -- Drawing Conclusions -- PART V: THE PRACTITIONER VIEW -- Calculating the Benefit -- Larger Organisations -- Conclusion -- References -- Appendix -- Index.</subfield>
  </datafield>
  <datafield tag="650" ind1=" " ind2="0">
    <subfield code="a">Knowledge management.</subfield>
  </datafield>
  <datafield tag="650" ind1=" " ind2="0">
    <subfield code="a">Information resources management.</subfield>
  </datafield>
  <datafield tag="907" ind1=" " ind2=" ">
    <subfield code="a">.b10397012</subfield>
    <subfield code="b">15-03-19</subfield>
    <subfield code="c">15-03-19</subfield>
  </datafield>
  <controlfield tag="003"></controlfield>
  <controlfield tag="005">20251007161809.0</controlfield>
  <datafield tag="040" ind1=" " ind2=" ">
    <subfield code="c">NUST</subfield>
  </datafield>
  <datafield tag="942" ind1=" " ind2=" ">
    <subfield code="c">BOOKS</subfield>
    <subfield code="k">HD30.2</subfield>
    <subfield code="m">MEL</subfield>
    <subfield code="0">1</subfield>
  </datafield>
  <datafield tag="999" ind1=" " ind2=" ">
    <subfield code="c">168418</subfield>
    <subfield code="d">168418</subfield>
  </datafield>
  <datafield tag="952" ind1=" " ind2=" ">
    <subfield code="r">2025-10-27 15:47:03</subfield>
    <subfield code="l">1</subfield>
    <subfield code="o">HD30.2 MEL</subfield>
    <subfield code="p">92004046254</subfield>
    <subfield code="s">2025-10-07</subfield>
    <subfield code="v">80.00</subfield>
    <subfield code="w">2023-01-23</subfield>
    <subfield code="y">BOOKS</subfield>
    <subfield code="1">0</subfield>
    <subfield code="2">LCC</subfield>
    <subfield code="4">0</subfield>
    <subfield code="7">0</subfield>
    <subfield code="8">NFIC</subfield>
    <subfield code="0">0</subfield>
    <subfield code="a">MAIN</subfield>
    <subfield code="b">MAIN</subfield>
    <subfield code="c">GEN</subfield>
    <subfield code="d">2023-01-23</subfield>
    <subfield code="g">80.00</subfield>
  </datafield>
</record>
